Listening upper - intermediate

Sparad:
Bibliografiska uppgifter
Materialtyp: Bok
Publicerad: 1991
Taggar: Lägg till en tagg
Inga taggar, Lägg till första taggen!
Thư viện lưu trữ: Mạng thư viện Đại học Đà Nẵng
LEADER 00436nam a22001811a 4500
001 000037661
003 13956
005 20160412020421.0
008 160412s1991 000
082 |a 4A(07)1010 
245 |a Listening upper - intermediate  |c ALan Maley 
260 |c 1991 
OWN |a LNN 
999 |a From the UDN01 
TYP |a Monograph 
980 |a Mạng thư viện Đại học Đà Nẵng